| 000 -LEADER |
| fixed length control field |
00878nam a22001337a 4500 |
| 040 ## - CATALOGING SOURCE |
| Transcribing agency |
RUA |
| 082 ## - DEWEY DECIMAL CLASSIFICATION NUMBER |
| Classification number |
AED PRO 2017 B657 Or.1 |
| 100 ## - MAIN ENTRY--AUTHOR NAME |
| Personal name |
PROM SINITH ព្រុំ ស៊ីនិត |
| 245 ## - TITLE STATEMENT |
| Title |
ការសិក្សារអំពីប្រសិទ្ធភាពសេដ្ឋកិច្ចនៃកសិដ្ឋានចិញ្ចឹមមាន់យកសាច់នៅភូមិក្រាំងពលទេព សង្កាត់រការធំ ក្រុងច្បាមន ខេត្តកំពង់ស្ពឺ the study on economic efficiency of poultry farm production in krangpoltep village, rkathom commune, chbamon city, kompong speu province |
| 260 ## - PUBLICATION, DISTRIBUTION, ETC. (IMPRINT) |
| Place of publication |
RUA |
| Name of publisher |
Phnom penh |
| Year of publication |
2017 |
| 300 ## - PHYSICAL DESCRIPTION |
| Number of Pages |
xi;40p |
| Other physical details |
ill; |
| Dimensions |
29cm |
| 856 ## - ELECTRONIC LOCATION AND ACCESS |
| Uniform Resource Identifier |
https://drive.google.com/file/d/1xReBiGZPyyoPeMwt3O8I2XCCc9bNLhiY/view?usp=sharing |
| 942 ## - ADDED ENTRY ELEMENTS (KOHA) |
| Koha item type |
AED |
| 952 ## - LOCATION AND ITEM INFORMATION (KOHA) |
| Withdrawn status [LOCAL, KOHA] |
0 |
| 952 ## - LOCATION AND ITEM INFORMATION (KOHA) |
| Withdrawn status [LOCAL, KOHA] |
0 |
| 952 ## - LOCATION AND ITEM INFORMATION (KOHA) |
| Withdrawn status [LOCAL, KOHA] |
0 |
| 952 ## - LOCATION AND ITEM INFORMATION (KOHA) |
| Withdrawn status [LOCAL, KOHA] |
0 |
| 952 ## - LOCATION AND ITEM INFORMATION (KOHA) |
| Withdrawn status [LOCAL, KOHA] |
0 |
| 952 ## - LOCATION AND ITEM INFORMATION (KOHA) |
| Withdrawn status [LOCAL, KOHA] |
0 |